| 000 | 01121nam a2200301Ia 4500 | ||
|---|---|---|---|
| 001 | ebr10159741 | ||
| 003 | CaPaEBR | ||
| 006 | m u | ||
| 007 | cr cn||||||||| | ||
| 008 | 020719s2007 caua s 001 0 eng d | ||
| 020 | _z9781934404058 | ||
| 024 | 3 | _z9781934404058 | |
| 040 |
_aCaPaEBR _cCaPaEBR |
||
| 035 | _a(OCoLC)567981622 | ||
| 050 | 1 | 4 |
_aTK7874 _b.K37 2007eb |
| 100 | 1 | _aKarris, Steven T. | |
| 245 | 1 | 0 |
_aDigital circuit analysis and design with simulink modeling _h[electronic resource] / _cSteven T. Karris. |
| 250 | _a2nd ed. | ||
| 260 |
_aFremont, CA : _bOrchard Publications, _cc2007. |
||
| 300 |
_a543 p. : _bill. |
||
| 500 | _aIncludes index. | ||
| 533 |
_aElectronic reproduction. _bPalo Alto, Calif. : _cebrary, _d2009. _nAvailable via World Wide Web. _nAccess may be limited to ebrary affiliated libraries. |
||
| 650 | 0 | _aIntegrated circuits. | |
| 650 | 0 | _aElectronic circuits. | |
| 655 | 7 |
_aElectronic books. _2local |
|
| 710 | 2 | _aebrary, Inc. | |
| 856 | 4 | 0 |
_uhttp://site.ebrary.com/lib/rucke/Doc?id=10159741 _zAn electronic book accessible through the World Wide Web; click to view |
| 999 |
_c133558 _d133558 |
||